000 00277 a2200133 4500
001 194736
040 _cMagnum
100 _aCaeiro, Alberto
240 1 0 _aPoemas Inconjuntos
_lpor
245 1 0 _aPoemas Inconjuntos
300 _a16
697 _aLITERATURA GERAL
942 _cBK
999 _c194736
_d194736